| 000 | 00512nam a2200181Ia 4500 | ||
|---|---|---|---|
| 001 | 22098 | ||
| 008 | 150430s ii a g b000 u asm u | ||
| 082 | _a954.123 | ||
| 100 | _aSarma, Benudhar . | ||
| 245 | 0 |
_aSatawan Sal Ba Swadhinatar Pratham Juddha / _cBenudhar Sarma. _hTextual Documents |
|
| 250 | _a1st ed. / | ||
| 260 |
_aGuwahati : _bPadma Prakash , _cnd. |
||
| 300 |
_a58p. : _bill ; _c17cm . |
||
| 653 | _aHistory-India | ||
| 653 | _aIndian History | ||
| 653 | _aReference-History | ||
| 942 |
_2ddc _cBK |
||
| 999 |
_c22080 _d22080 |
||